Big U.S. Cities Closest to Phoenix - Statistics

General Stats
  • This quiz has been taken 94 times
  • The average score is 6 of 10
Answer Stats
Distance Population U.S. City % Correct
355.5 13,214,799 Los Angeles
100%
255.4 2,266,715 Las Vegas
96%
330.9 918,018 Albuquerque
93%
297.6 3,338,330 San Diego
91%
106.8 1,047,279 Tucson
91%
346.7 844,124 El Paso
75%
416.4 900,202 Bakersfield
46%
305.6 4,731,803 Riverside-San Bernardino
9%
409.8 846,006 Oxnard-Thousand Oaks
1%
453.7 466,195 Visalia
1%
No matching quizzes found
Score Distribution
Percent of People with Each Score
Percentile by Number Answered
Your Score History
You have not taken this quiz